Southville International School and Colleges
Your cart is empty.
  • Cart
  • Lists
    Public lists Eva Luna New books Lux_list list_1
    Your lists Log in to create your own lists
  • Log in to your account
  • Your cookies
  • Search history
Southville International School and Colleges
  • Advanced search
  • Recent comments
  • Most popular
  • Libraries

Log in to your account

Log in with GOOGLE


If you do not have an external account, but do have a local account, you can still log in:

  1. Home
  2. MARC view: Measurement and assessment in teaching.
Normal view MARC view ISBD view

Measurement and assessment in teaching. (Record no. 23239)

[ view plain ]
MARC details
000 -LEADER
fixed length control field 00662nam a2200241 a 4500
005 - DATE AND TIME OF LATEST TRANSACTION
control field 20140310183446.0
008 - FIXED-LENGTH DATA ELEMENTS--GENERAL INFORMATION
fixed length control field 081002s19uu xx 00 eng d
020 ## - INTERNATIONAL STANDARD BOOK NUMBER
International Standard Book Number 9780137126712
050 ## - LIBRARY OF CONGRESS CALL NUMBER
Classification number LB 3051
Item number .L545 2009
100 ## - MAIN ENTRY--PERSONAL NAME
Personal name Miller, David M.
245 ## - TITLE STATEMENT
Title Measurement and assessment in teaching.
250 ## - EDITION STATEMENT
Edition statement 10th ed.
260 ## - PUBLICATION, DISTRIBUTION, ETC. (IMPRINT)
Place of publication, distribution, etc U.S.A :
Name of publisher, distributor, etc Pearson Education International,
Date of publication, distribution, etc 2009.
300 ## - PHYSICAL DESCRIPTION
Extent 551 p.:
Other physical details ill.;
Dimensions 26 cm.
521 ## - TARGET AUDIENCE NOTE
Target audience note
650 ## - SUBJECT ADDED ENTRY--TOPICAL TERM
Topical term or geographic name as entry element BEE Sped.
650 ## - SUBJECT ADDED ENTRY--TOPICAL TERM
Topical term or geographic name as entry element Educational tests and measurements.
700 ## - ADDED ENTRY--PERSONAL NAME
Personal name Linn, Robert L.
700 ## - ADDED ENTRY--PERSONAL NAME
Personal name Gronlund, Norman E.
942 ## - ADDED ENTRY ELEMENTS (KOHA)
Koha item type Books
Source of classification or shelving scheme Library of Congress Classification
Call number prefix Foreign
Holdings
Withdrawn status Lost status Source of classification or shelving scheme Damaged status Home library Current library Shelving location Date acquired Source of acquisition Total Checkouts Total Renewals Full call number Barcode Date last seen Date checked out Copy number Price effective from Koha item type
    Library of Congress Classification   College Library College Library General Circulation Section 01/14/2014 Donation 1 9 LB 3051 .L545 2009 C9828 05/15/2018 01/18/2017 1 01/14/2014 Books
    Library of Congress Classification   College Library College Library General Circulation Section 01/14/2014 Donation     LB 3051 .L545 2009 C13359 05/15/2018   2 01/14/2014 Books

Measurement and assessment in teaching.

APA

Miller D. M., Linn R. L. & Gronlund N. E. (2009). Measurement and assessment in teaching. U.S.A: Pearson Education International.

Chicago

Miller David M, Linn Robert L and Gronlund Norman E. 2009. Measurement and assessment in teaching. U.S.A: Pearson Education International.

Harvard

Miller D. M., Linn R. L. and Gronlund N. E. (2009). Measurement and assessment in teaching. U.S.A: Pearson Education International.

MLA

Miller David M, Linn Robert L and Gronlund Norman E. Measurement and assessment in teaching. U.S.A: Pearson Education International. 2009.

  • Place hold
  • Print
  • Cite
  • Add to your cart (remove)
  • Save record
    BIBTEX Dublin Core MARCXML MARC (non-Unicode/MARC-8) MARC (Unicode/UTF-8) MARC (Unicode/UTF-8, Standard) MODS (XML) RIS
  • More searches
    Search for this title in:
    Other Libraries (WorldCat) Other Databases (Google Scholar) Online Stores (Bookfinder.com) Open Library (openlibrary.org)

Exporting to Dublin Core...

SOUTHVILLE LIBRARY

Southville International School and Colleges Library

1281 Tropical Ave. Cor. Luxembourg St., BF Homes International, Las Pinas City

Tel. No. 8256374 / 252358 Loc. 117/146

Powered by Koha